| 000 | 00689nam a2200217 a 4500 | ||
|---|---|---|---|
| 999 |
_c3053 _d3053 |
||
| 001 | 3053 | ||
| 003 | BD-JhCC | ||
| 005 | 20171109183540.0 | ||
| 008 | 171109s1976 bg |||| |||| 000 0 ben d | ||
| 035 | _a(BD-JhCC)3053 | ||
| 040 |
_aBD-JhCC _dBD-JhCC |
||
| 041 | _aben | ||
| 082 |
_a891.442 _bAHA 1976 |
||
| 100 | _aআহমদ, সাঈদ | ||
| 245 |
_aসাঈদ আহমদের নাটক : _bকালবেলা, মাইলপোস্ট, তৃষ্ণয় / _cসাঈদ আহমদ. |
||
| 260 |
_aঢাকা : _bবাংলা একাডেমী, _c1976. |
||
| 300 |
_a147 p. : _c22 cm. |
||
| 650 | _aBengali Drama | ||
| 942 |
_2ddc _cBK |
||